U.S Presidents in order - Statistics

General Stats
  • This quiz has been taken 150 times
  • The average score is 34 of 47
Answer Stats
Hint Answer % Correct
1 George Washington
97%
2 John Adams
95%
3 Thomas Jefferson
92%
4 James Madison
88%
5 James Monroe
85%
6 John Quincy Adams
85%
7 Andrew Jackson
80%
8 Martin Van Buren
79%
45 Donald Trump
77%
47 Donald Trump
77%
44 Barack Obama
76%
46 Joe Biden
76%
9 William Henry Harrison
76%
43 George W. Bush
73%
11 James K. Polk
73%
39 Jimmy Carter
73%
10 John Tyler
73%
40 Ronald Reagan
73%
16 Abraham Lincoln
72%
42 Bill Clinton
72%
32 Franklin D. Roosevelt
72%
41 George H.W. Bush
72%
31 Herbert Hoover
72%
35 John F. Kennedy
72%
38 Gerald R. Ford
71%
37 Richard Nixon
71%
34 Dwight D. Eisenhower
69%
33 Harry Truman
69%
36 Lyndon B. Johnson
69%
12 Zachary Taylor
69%
30 Calvin Coolidge
68%
24 Grover Cleveland
67%
29 Warren Harding
67%
28 Woodrow Wilson
67%
17 Andrew Johnson
65%
14 Franklin Pierce
65%
22 Grover Cleveland
64%
18 Ulysses S. Grant
64%
23 Benjamin Harrison
63%
15 James Buchanan
63%
19 Rutherford B. Hayes
63%
26 Theodore Roosevelt
63%
27 William Taft
63%
13 Millard Fillmore
61%
25 William McKinley
61%
21 Chester A. Arthur
60%
20 James Garfield
57%
No matching quizzes found
Score Distribution
Percent of People with Each Score
Percentile by Number Answered
Your Score History
You have not taken this quiz